Harvard Business Review / April 2012 (Record no. 1847)

000 -LEADER
fixed length control field 00528nam a22001937a 4500
005 - DATE AND TIME OF LATEST TRANSACTION
control field 20210427065919.0
008 - FIXED-LENGTH DATA ELEMENTS--GENERAL INFORMATION
fixed length control field 210302s2012 ||||| |||| 00| 0 eng d
040 ## - CATALOGING SOURCE
Original cataloging agency eng
Transcribing agency DLC
041 ## - LANGUAGE CODE
Language code of text/sound track or separate title eng
082 ## - DEWEY DECIMAL CLASSIFICATION NUMBER
Classification number 65
Item number H-32
110 ## - MAIN ENTRY--CORPORATE NAME
9 (RLIN) 1215
Corporate name or jurisdiction name as entry element Harvard Business Review
245 ## - TITLE STATEMENT
Title Harvard Business Review / April 2012
Statement of responsibility, etc. / by: Harvard Business Review
260 ## - PUBLICATION, DISTRIBUTION, ETC.
Name of publisher, distributor, etc. Harvard Business Review
Date of publication, distribution, etc. 2012
300 ## - PHYSICAL DESCRIPTION
Extent 148 p.
Other physical details ill.
365 ## - TRADE PRICE
Price amount 16.95 usd
650 #0 - SUBJECT ADDED ENTRY--TOPICAL TERM
9 (RLIN) 323
Topical term or geographic name entry element Business
653 ## - INDEX TERM--UNCONTROLLED
Uncontrolled term ბიზნესი
942 ## - ADDED ENTRY ELEMENTS (KOHA)
Source of classification or shelving scheme
Koha item type periodicals
Holdings
Withdrawn status Lost status Source of classification or shelving scheme Damaged status Not for loan Permanent location Current location Date acquired Inventory number Total Checkouts Full call number Barcode Date last seen Price effective from Koha item type
          Ken Walker International University Ken Walker International University 03/02/2021 1578   65 H-32 1578 03/02/2021 03/02/2021 periodicals

Powered by Koha